000 00600nam a2200181 i 4500
001 44086
003 ES-MaACL
005 20230906160942.0
007 t|
008 030320s1970 sp ||||1| spa d
080 _a821.134.2-32"16"
100 1 _aCéspedes y Meneses, Gonzalo de.
_937691
245 1 0 _aHistorias peregrinas y ejemplares /
_cGonzalo Céspedes y Meneses ; edición, introducción y notas de Yves-René Fonquerne.
260 _aMadrid :
_bCastalia,
_c[1970]
300 _a422 p., 5 lám. ;
_c18 cm.
700 1 _aFonquerne, Yves-René.
_951507
852 _aES-MaACL
_jC-40445
_bR.76395
999 _c44086
_d44086